¿Pentápolis? : estudio acerca de algunas fases de la inmoralidad social contemporánea, sus causas y remedios / Carlos Salicrú Puigvert estudio acerca de algunas fases de la inmoralidad social contemporánea, sus causas y remedios / Carlos Salicrú Puigvert
Descripción Física:
XVI, 378 p., [1] f. ; 20 cm
Materias:
Història social
MARC
| LEADER | 00000nam a2200000Ia 4500 | ||
|---|---|---|---|
| 001 | 674 | ||
| 008 | 160829s1929 xx 000 0 cat d | ||
| 080 | |a F-1-31 | ||
| 100 | |a Salicrú Puigvert, Carlos |9 22444 | ||
| 245 | |a ¿Pentápolis? : |b estudio acerca de algunas fases de la inmoralidad social contemporánea, sus causas y remedios / Carlos Salicrú Puigvert | ||
| 260 | |a Barcelona : |b (Imp. de Eugenio Subinara), |c 1929 | ||
| 300 | |a XVI, 378 p., [1] f. ; |c 20 cm | ||
| 590 | |a Amb dedicatòria autògrafa de l'autor a Antonio Robert | ||
| 650 | |a Història social |9 22445 | ||
| 901 | |a Arxiu | ||
| 942 | |n 1 | ||
| 952 | |0 0 |1 0 |4 0 |6 F131 |7 1 |9 42225 |a Arxiu |b Arxiu |d 2016-12-01 |l 0 |o F-1-31 |p 674 |r 2016-12-01 00:00:00 |w 2016-12-01 |y ARXIU | ||
| 999 | |c 44672 |d 44672 | ||